000 nam a22 7a 4500
999 _c127077
_d127077
008 171010b xxu||||| |||| 00| 0 eng d
050 _aPN3353.E37
100 _aEastman, Richard M.
_936983
245 _aAguide to the novel
_c/ Richard M. Eastman
260 _aCarlifonia
_bChandlier Publishing Company
_c1965
300 _axii, 243p. ;
_c21cm.
650 _aFiction
_xHistory and criticism
_936984
650 _aFiction
_xTechnique
_92890
942 _2lcc
_cMONOGRAPH